00216nam a2200085Ia 4500008004100000100002200041245002700063260003200090300000800122201217s9999 xx 000 0 und d aMalayala Manorama 0aManorama Yearbook 1991 aKottayambMalayala Manorama a800